Nhiệt động học và động học ứng dụng
Nội dung giới thiệu về nhiệt động học và động học hóa học áp dụng vào công nghệ nấu luyện, tinh luyện các kim loại và hợp kim, tạo hình, nhiệt luyện và xử lý bề mặt... thuộc lĩnh vực kỹ thuật vật liệu nói chung, đặc biệt là kỹ thua...
Shranjeno v:
| Glavni avtor: | |
|---|---|
| Format: | Knjiga |
| Jezik: | Undetermined |
| Izdano: |
Hà Nội
Khoa học và Kỹ thuật
2006
|
| Teme: | |
| Oznake: |
Označite
Brez oznak, prvi označite!
|
| Thư viện lưu trữ: | Trung tâm Học liệu Trường Đại học Cần Thơ |
|---|
| LEADER | 00999nam a2200205Ia 4500 | ||
|---|---|---|---|
| 001 | CTU_148727 | ||
| 008 | 210402s9999 xx 000 0 und d | ||
| 020 | |c 62000 | ||
| 082 | |a 620.1074 | ||
| 082 | |b Đ312 | ||
| 100 | |a Phạm, Kim Đĩnh | ||
| 245 | 0 | |a Nhiệt động học và động học ứng dụng | |
| 245 | 0 | |c Phạm Kim Đĩnh, Lê Xuân Khuông | |
| 260 | |a Hà Nội | ||
| 260 | |b Khoa học và Kỹ thuật | ||
| 260 | |c 2006 | ||
| 520 | |a Nội dung giới thiệu về nhiệt động học và động học hóa học áp dụng vào công nghệ nấu luyện, tinh luyện các kim loại và hợp kim, tạo hình, nhiệt luyện và xử lý bề mặt... thuộc lĩnh vực kỹ thuật vật liệu nói chung, đặc biệt là kỹ thuật kim loại. | ||
| 650 | |a Dynamics,Nhiệt đông học | ||
| 904 | |i QHieu | ||
| 980 | |a Trung tâm Học liệu Trường Đại học Cần Thơ | ||